ARRUPE JESUIT UNIVERSITY

CORONAVIRUS -STOP THE SPREAD - CLEAN,DISINFECT,COVER

The Many faces of religion and society / (Record no. 119934)

MARC details
000 -LEADER
fixed length control field 00989cam a2200301 a 4500
001 - CONTROL NUMBER
control field 1897567
003 - CONTROL NUMBER IDENTIFIER
control field ARRUPE
005 - DATE AND TIME OF LATEST TRANSACTION
control field 20140205102924.0
008 - FIXED-LENGTH DATA ELEMENTS--GENERAL INFORMATION
fixed length control field 841227s1985 nyu b 001 0 eng
010 ## - LIBRARY OF CONGRESS CONTROL NUMBER
LC control number 84026539
020 ## - INTERNATIONAL STANDARD BOOK NUMBER
International Standard Book Number 0913757209
020 ## - INTERNATIONAL STANDARD BOOK NUMBER
International Standard Book Number 0913757217 (pbk.)
040 ## - CATALOGING SOURCE
Original cataloging agency DLC
Transcribing agency DLC
Modifying agency OCoLC
-- DLC
050 00 - LIBRARY OF CONGRESS CALL NUMBER
Classification number BL60
Item number .M32 1985
082 00 - DEWEY DECIMAL CLASSIFICATION NUMBER
Classification number 291.1/71
Edition number 19
300 ## - PHYSICAL DESCRIPTION
Dimensions 24 cm.
100 ## - MAIN ENTRY--PERSONAL NAME
Personal name Bryant, M. Darrol.
9 (RLIN) 7929
245 04 - TITLE STATEMENT
Title The Many faces of religion and society /
Statement of responsibility, etc edited by M. Darrol Bryant and Rita H. Mataragnon.
260 ## - PUBLICATION, DISTRIBUTION, ETC. (IMPRINT)
Place of publication, distribution, etc New York :
Name of publisher, distributor, etc Paragon House Publishers,
Date of publication, distribution, etc c1985.
300 ## - PHYSICAL DESCRIPTION
Extent xiii, 200 p. ;
440 #0 - SERIES STATEMENT/ADDED ENTRY--TITLE
Title God, the contemporary discussion series
9 (RLIN) 7930
500 ## - GENERAL NOTE
General note "A new ERA book."
504 ## - BIBLIOGRAPHY, ETC. NOTE
Bibliography, etc Includes bibliographies and index.
650 #0 - SUBJECT ADDED ENTRY--TOPICAL TERM
Topical term or geographic name as entry element Religion and sociology.
9 (RLIN) 7931
700 1# - ADDED ENTRY--PERSONAL NAME
Personal name Bryant, M. Darrol.
9 (RLIN) 7932
700 1# - ADDED ENTRY--PERSONAL NAME
Personal name Mataragnon, Rita H.,
Dates associated with a name 1947-
9 (RLIN) 7933
906 ## - LOCAL DATA ELEMENT F, LDF (RLIN)
a 7
b cbc
c orignew
d 1
e ocip
f 19
g y-gencatlg
942 ## - ADDED ENTRY ELEMENTS (KOHA)
Source of classification or shelving scheme Library of Congress Classification
Koha item type Monograph ( Printed materials)
Holdings
Withdrawn status Lost status Source of classification or shelving scheme Damaged status Not for loan Collection code Home library Current library Shelving location Date acquired Total Checkouts Full call number Barcode Date last seen Price effective from Koha item type
    Library of Congress Classification     Main Collection ARRUPE LIBRARY ARRUPE LIBRARY Main Collection 05/02/2014   BL60 .M32 1985 464123477 26/10/2016 05/02/2014 Monograph ( Printed materials)

 

Arrupe Library. PO Box MP320 Mt Pleasant, Harare, Zimbabwe
263 242 745411|librarian@aju.ac.zw